Loading...
Auditory Arts | 3 | 13.33 | 100% | 33% | 0% |
Beliefs | 3 | 13.33 | 67% | 33% | 33% |
Current Events | 1 | 10.00 | 100% | 0% | 0% |
Fine Arts - Other Arts | 4 | 15.00 | 75% | 75% | 0% |
Geography | 1 | 0.00 | 0% | 0% | 0% |
History - American History | 5 | 10.00 | 100% | 0% | 0% |
History - Ancient History | 3 | 23.33 | 100% | 67% | 67% |
History - European History | 1 | 30.00 | 100% | 100% | 100% |
History - Other History | 3 | 20.00 | 100% | 100% | 0% |
History - World History | 2 | 15.00 | 100% | 50% | 0% |
Literature - American Literature | 4 | 10.00 | 100% | 0% | 0% |
Literature - British Literature | 4 | 15.00 | 100% | 50% | 0% |
Literature - European Literature | 3 | 6.67 | 67% | 0% | 0% |
Literature - World Literature | 1 | 10.00 | 100% | 0% | 0% |
Other Academic | 1 | 0.00 | 0% | 0% | 0% |
Philosophy | 1 | 10.00 | 100% | 0% | 0% |
Science - Chemistry | 1 | 10.00 | 100% | 0% | 0% |
Science - Other Science | 4 | 10.00 | 50% | 25% | 25% |
Science - Physics | 7 | 15.71 | 100% | 29% | 29% |
Social Science | 5 | 10.00 | 80% | 20% | 0% |
Visual Arts | 6 | 8.33 | 83% | 0% | 0% |